[Event "Moscow Open A 2016"]
[Site "Moscow RUS"]
[Date "2016.02.03"]
[Round "5.43"]
[White "Predke, Alexandr"]
[Black "Kovtunenko, Alexandr"]
[Result "1-0"]
[WhiteElo "2520"]
[BlackElo "2158"]
[WhiteFideId "24107581"]
[BlackFideId "4144597"]
[EventDate "2016.01.30"]

1. e4 e6 2. d3 d5 3. Nd2 c5 4. Ngf3 Nc6 5. g3 g6 6. Bg2 Bg7 7. O-O Nge7 8. Re1
O-O 9. h4 h6 10. e5 f6 11. exf6 Rxf6 12. c4 Qd6 13. Nb3 b6 14. d4 Rb8 15. Be3
dxc4 16. Nbd2 cxd4 17. Ne4 Qd8 18. Nxf6+ Bxf6 19. Bxh6 d3 20. Qd2 Nd4 21. Qf4
Nef5 22. Qxb8 Nxh6 23. Nxd4 Bxd4 24. Bb7 Bxb2 25. Bxc8 Qf6 26. Bxe6+ Kg7 27.
Qxa7+ Nf7 28. Rab1 Bd4 29. Qxf7+ Qxf7 30. Bxf7 Kxf7 31. Re4 1-0

[Event "Moscow Open A 2016"]
[Site "Moscow RUS"]
[Date "2016.02.03"]
[Round "5.44"]
[White "Igonin, Temur"]
[Black "Nyudleev, Dolgan"]
[Result "0-1"]
[WhiteTitle "FM"]
[BlackTitle "IM"]
[WhiteElo "2498"]
[BlackElo "2328"]
[WhiteFideId "14203049"]
[BlackFideId "4198360"]
[EventDate "2016.01.30"]

1. e4 e5 2. Nf3 d6 3. d4 exd4 4. Nxd4 Nf6 5. Nc3 Be7 6. Be2 O-O 7. O-O Re8 8. f4
Bf8 9. Bf3 c6 10. Re1 a5 11. Be3 Na6 12. g4 Nc5 13. Bf2 d5 14. exd5 Rxe1+ 15.
Bxe1 cxd5 16. Bh4 Nce4 17. Bxe4 dxe4 18. Nxe4 Be7 19. Bxf6 Bxf6 20. Nxf6+ Qxf6
21. f5 b6 22. Qd3 Bb7 23. Re1 h5 24. gxh5 Qh4 25. Re3 Rd8 26. c3 Qxh5 27. Qe2
Qg5+ 28. Rg3 Qc1+ 29. Qf1 Qxb2 30. f6 Rxd4 31. Rxg7+ Kf8 32. Qe1 Re4 33. Qd1 Qa3
34. Qd8+ Re8 35. Rh7 Qc1+ 36. Kf2 Qe1# 0-1

[Event "Moscow Open A 2016"]
[Site "Moscow RUS"]
[Date "2016.02.03"]
[Round "5.45"]
[White "Lugovskoy, Maxim"]
[Black "Fakhrutdinov, Timur"]
[Result "1-0"]
[WhiteTitle "IM"]
[BlackTitle "FM"]
[WhiteElo "2489"]
[BlackElo "2320"]
[WhiteFideId "24126454"]
[BlackFideId "24176702"]
[EventDate "2016.01.30"]

1. d4 Nf6 2. Nc3 d5 3. Bf4 c5 4. e3 a6 5. Nf3 Nc6 6. Ne5 e6 7. Be2 Nxe5 8. Bxe5
Nd7 9. Bg3 Qb6 10. a3 Be7 11. dxc5 Nxc5 12. Be5 O-O 13. Bd4 Qc6 14. Bf3 Rd8 15.
O-O b5 16. Ne2 Bb7 17. Ng3 f6 18. Qe2 Rac8 19. Rac1 Na4 20. Bg4 Rc7 21. f4 Bf8
22. Nh5 Qd6 23. Bh3 e5 24. fxe5 fxe5 25. Bc3 Nxc3 26. bxc3 Qh6 27. Rf5 Bc8 28.
Rf3 e4 29. Rf2 Bxa3 30. Rcf1 Bxh3 31. gxh3 Bc5 32. Kh1 Bxe3 33. Rf5 Bc5 34. Qg4
Rf8 35. Rxf8+ Bxf8 36. Nf6+ Kh8 37. Ne8 1-0

[Event "Moscow Open A 2016"]
[Site "Moscow RUS"]
[Date "2016.02.03"]
[Round "5.46"]
[White "Geller, Jakov"]
[Black "Morozov, Egor"]
[Result "1-0"]
[WhiteTitle "GM"]
[BlackTitle "FM"]
[WhiteElo "2487"]
[BlackElo "2313"]
[WhiteFideId "4151984"]
[BlackFideId "24102121"]
[EventDate "2016.01.30"]

1. e4 g6 2. d4 Bg7 3. Nc3 d6 4. f4 Nf6 5. Bd3 O-O 6. Nf3 Nc6 7. e5 dxe5 8. fxe5
Nh5 9. Ne2 Bg4 10. c3 Bxf3 11. gxf3 f6 12. Ng3 Nxg3 13. hxg3 e6 14. exf6 Qxf6
15. Be4 Rad8 16. Qb3 Ne7 17. Bf4 Nd5 18. Bd2 b6 19. O-O-O c5 20. dxc5 bxc5 21.
Qc4 Qe7 22. Rhe1 Nb6 23. Qe2 e5 24. Be3 Qf7 25. Bxc5 Qxa2 26. Bxf8 Rxf8 27. Qb5
Kh8 28. Rh1 Qf7 29. Qc6 Bf6 30. Kc2 Rc8 31. Bd5 Qf8 32. Qb7 Bg7 33. Rxh7+ 1-0

[Event "Moscow Open A 2016"]
[Site "Moscow RUS"]
[Date "2016.02.03"]
[Round "5.47"]
[White "Smirnov, Timofey"]
[Black "Golubov, Saveliy"]
[Result "0-1"]
[BlackTitle "IM"]
[WhiteElo "2288"]
[BlackElo "2469"]
[WhiteFideId "24176427"]
[BlackFideId "24176729"]
[EventDate "2016.01.30"]

1. e4 e5 2. Nf3 Nc6 3. Bc4 Bc5 4. c3 Nf6 5. d3 O-O 6. O-O d6 7. Bb3 a6 8. Nbd2
Ba7 9. Nc4 Ne7 10. Ne3 Ng6 11. Bc2 Re8 12. Re1 h6 13. Nf1 c6 14. h3 Nh5 15. Be3
Qf6 16. d4 Ngf4 17. Ng3 Nxg3 18. fxg3 Ng6 19. Rf1 Qe7 20. Qd2 exd4 21. cxd4 c5
22. Rfe1 Be6 23. b3 cxd4 24. Nxd4 Ne5 25. Rad1 Bxh3 26. gxh3 Bxd4 27. Kg2 Bxe3
28. Rxe3 Rac8 29. Re2 Rc6 30. b4 Rec8 31. Bb3 Kh8 32. Ree1 Qf6 33. Qf2 Qxf2+ 34.
Kxf2 Kg8 35. Bd5 R6c7 36. Bb3 Rd8 37. Rd2 Kf8 38. Red1 Ke7 39. Kg2 Rc3 40. Bd5
Rd7 41. Rf1 f6 42. Rb1 b6 43. h4 Rdc7 44. Bb3 Rd3 45. Rxd3 Nxd3 46. Bd5 Rc2+ 47.
Kf3 Ne5+ 48. Ke3 Rg2 49. Rc1 Rxg3+ 50. Kf2 Rf3+ 51. Ke2 Kd7 52. Bb7 Ra3 53. Bc8+
Ke7 54. Bf5 Rxa2+ 55. Ke3 Ra3+ 56. Ke2 d5 57. Rc7+ Kd6 58. Rxg7 d4 59. Rb7 Ra2+
60. Kd1 Kc6 61. Re7 d3 62. Re6+ Kb5 63. Rxf6 Nc4 64. Bd7+ Kxb4 65. Rf3 Ra1# 0-1

[Event "Moscow Open A 2016"]
[Site "Moscow RUS"]
[Date "2016.02.03"]
[Round "5.48"]
[White "Ulko, Jaroslav"]
[Black "Frolov, Ivan"]
[Result "1-0"]
[WhiteTitle "IM"]
[BlackTitle "FM"]
[WhiteElo "2456"]
[BlackElo "2318"]
[WhiteFideId "4116658"]
[BlackFideId "4188012"]
[EventDate "2016.01.30"]

1. d4 Nf6 2. Nf3 e6 3. e3 b6 4. Bd3 Bb7 5. O-O c5 6. c4 Be7 7. Nc3 O-O 8. d5 d6
9. e4 Na6 10. Re1 e5 11. a3 Bc8 12. Rb1 h6 13. b4 g5 14. Nd2 Kg7 15. Nf1 Rg8 16.
Ng3 Kf8 17. Bd2 h5 18. Nxh5 Bg4 19. Be2 Bxh5 20. Bxh5 Qd7 21. Be2 g4 22. Bh6+
Ke8 23. Bd3 Nh5 24. Bc2 Qc8 25. Ba4+ Kd8 26. Bc6 Rb8 27. Nb5 Bh4 28. g3 Rg6 29.
Be3 Ke7 30. gxh4 Qh8 31. Qa4 Rbg8 32. Nxd6 g3 33. Nf5+ Kf8 34. Qxa6 gxf2+ 35.
Kxf2 1-0

[Event "Moscow Open A 2016"]
[Site "Moscow RUS"]
[Date "2016.02.03"]
[Round "5.49"]
[White "Galaktionov, Artem"]
[Black "Usmanov, Vasily"]
[Result "1/2-1/2"]
[BlackTitle "IM"]
[WhiteElo "2285"]
[BlackElo "2451"]
[WhiteFideId "24175471"]
[BlackFideId "4135741"]
[EventDate "2016.01.30"]

1. d4 Nf6 2. Nf3 e6 3. c4 Bb4+ 4. Nbd2 O-O 5. a3 Be7 6. e3 c5 7. Be2 Nc6 8. b3
cxd4 9. exd4 d5 10. Bb2 b6 11. O-O Bb7 12. Ne5 dxc4 13. Ndxc4 b5 14. Ne3 a6 15.
Bf3 Rc8 16. Rc1 Qb6 17. Nxc6 Bxc6 18. d5 Bd7 19. Qd2 exd5 20. Bxf6 Qxf6 21. Nxd5
Qg5 22. Nxe7+ Qxe7 23. Rxc8 Bxc8 24. b4 Rd8 25. Qc3 Bb7 26. Re1 Qd7 27. Bxb7
Qxb7 28. h3 h6 29. Qc5 Rc8 30. Qf5 Qb8 31. g3 Re8 32. Rd1 Qa8 33. Kh2 Re6 34.
Rd7 Rf6 35. Qc2 g6 36. Qb2 Qf3 37. Rd8+ Kh7 38. Kg1 g5 39. Qc2+ Kg7 40. Qb2 Kh7
41. Qc2+ Kg7 42. Qb2 1/2-1/2

[Event "Moscow Open A 2016"]
[Site "Moscow RUS"]
[Date "2016.02.03"]
[Round "5.50"]
[White "Amerzianov, Timur"]
[Black "Tran, Tuan Minh"]
[Result "0-1"]
[BlackTitle "IM"]
[WhiteElo "2269"]
[BlackElo "2447"]
[WhiteFideId "24136182"]
[BlackFideId "12401820"]
[EventDate "2016.01.30"]

1. e4 c5 2. Nf3 d6 3. d4 cxd4 4. Nxd4 Nf6 5. Nc3 a6 6. h3 e5 7. Nde2 h5 8. g3
Be7 9. Bg2 Nbd7 10. a4 b6 11. Nd5 Nxd5 12. Qxd5 Rb8 13. Be3 Nf6 14. Qd2 O-O 15.
O-O Qc7 16. f4 Bb7 17. Nc3 Qc4 18. b3 Qc7 19. Rf2 Rfc8 20. Nd5 Nxd5 21. exd5 Qc3
22. Qxc3 Rxc3 23. Bxb6 Bf6 24. Rd1 Rbc8 25. Rdd2 Rxg3 26. fxe5 Bxe5 27. Bd4 Bxd4
28. Rxd4 a5 29. Kh2 Rgc3 30. Be4 Ba6 31. b4 axb4 32. Rxb4 R3c4 33. c3 Rxc3 34.
Rb6 Bd3 35. Bf3 g6 36. Rxd6 Ra3 37. Rd7 Bf5 38. Ra7 Rc4 39. a5 Rf4 40. Kg3 g5
41. d6 Be4 42. d7 Raxf3+ 43. Rxf3 Rxf3+ 44. Kh2 Rd3 45. Rc7 Kg7 46. a6 Rd1 47.
Rc4 Rd2+ 48. Kg1 Rxd7 49. Rxe4 Rd1+ 50. Kf2 Ra1 51. h4 Ra2+ 52. Re2 Rxa6 53.
hxg5 Rg6 54. Kg3 Rxg5+ 55. Kh4 Kg6 56. Re8 f6 57. Rg8+ Kf5 58. Re8 Rg1 59. Ra8
Re1 60. Kg3 Re3+ 61. Kf2 Rc3 62. Kg2 h4 63. Ra5+ Kg4 64. Ra4+ Kg5 65. Ra5+ f5
66. Ra4 h3+ 67. Kh2 Re3 68. Rc4 Rd3 69. Ra4 f4 70. Ra8 Kg4 71. Rg8+ Kf3 72. Re8
Kf2 73. Ra8 Re3 74. Rf8 f3 75. Kxh3 Re7 76. Rf6 Rh7+ 77. Kg4 Kg2 0-1

[Event "Moscow Open A 2016"]
[Site "Moscow RUS"]
[Date "2016.02.03"]
[Round "5.51"]
[White "Dvalishvili, Pavel S."]
[Black "Mustaps, Matiss"]
[Result "1-0"]
[WhiteTitle "IM"]
[BlackTitle "FM"]
[WhiteElo "2445"]
[BlackElo "2308"]
[WhiteFideId "4121996"]
[BlackFideId "11602295"]
[EventDate "2016.01.30"]

1. e4 c5 2. b3 Nf6 3. e5 Nd5 4. Bb2 Nc6 5. Nf3 e6 6. g3 Be7 7. Bg2 O-O 8. O-O d6
9. exd6 Qxd6 10. Na3 Qc7 11. Qe2 a6 12. Nc4 b5 13. Nce5 Bf6 14. Rac1 Nxe5 15.
Bxe5 Bxe5 16. Nxe5 Bb7 17. c4 bxc4 18. Rxc4 a5 19. d3 Nb6 20. Rc2 Bxg2 21. Kxg2
Rfd8 22. Rfc1 Rd5 23. d4 Qb7 24. Qf3 Qe7 25. dxc5 Nd7 26. Nxd7 Qxd7 27. Rd1 Rc8
28. Rxd5 exd5 29. a3 Qb7 30. c6 Qb5 31. Qf5 Rc7 32. Qe5 Rc8 33. Rc3 h5 34. h4 g6
35. Qd6 d4 1-0

[Event "Moscow Open A 2016"]
[Site "Moscow RUS"]
[Date "2016.02.03"]
[Round "5.52"]
[White "Harutjunyan, Gevorg"]
[Black "Popov, Kirill"]
[Result "1-0"]
[WhiteTitle "GM"]
[BlackTitle "FM"]
[WhiteElo "2436"]
[BlackElo "2305"]
[WhiteFideId "13300873"]
[BlackFideId "24157457"]
[EventDate "2016.01.30"]

1. Nf3 Nf6 2. g3 d6 3. d4 g6 4. Bg2 Bg7 5. O-O O-O 6. Re1 d5 7. c4 c6 8. cxd5
cxd5 9. Nc3 Nc6 10. Ne5 Nxe5 11. dxe5 Ng4 12. Nxd5 Nxe5 13. Bg5 f6 14. Bf4 e6
15. Bxe5 fxe5 16. Nc3 Qb6 17. Ne4 Qxb2 18. Rc1 Qb6 19. Qa4 Rb8 20. Red1 Qa6 21.
Qb4 b5 22. Rc7 Rb7 23. Qxf8+ 1-0

[Event "Moscow Open A 2016"]
[Site "Moscow RUS"]
[Date "2016.02.03"]
[Round "5.53"]
[White "Miroshnichenko, Pavel"]
[Black "Vakhlamov, Igor L."]
[Result "1/2-1/2"]
[BlackTitle "FM"]
[WhiteElo "2263"]
[BlackElo "2390"]
[WhiteFideId "4188659"]
[BlackFideId "24126748"]
[EventDate "2016.01.30"]

1. d4 Nf6 2. Nf3 e6 3. g3 c5 4. Bg2 cxd4 5. Nxd4 d5 6. O-O e5 7. Nb3 Nc6 8. Bg5
Be6 9. Nc3 d4 10. Ne4 Be7 11. Nxf6+ gxf6 12. Bh6 Bd5 13. Bxd5 Qxd5 14. c3 O-O-O
15. cxd4 exd4 16. Rc1 Kb8 17. Qc2 Qh5 18. Bf4+ Ka8 19. Rfd1 Qg4 20. Qc4 Rhg8 21.
Kh1 Ne5 22. Bxe5 fxe5 23. Qb5 Bd6 24. Nc5 Bxc5 25. Rxc5 a6 26. Qc4 Rc8 27. f3
Rxc5 28. Qxc5 Qe6 29. Rc1 Qxa2 30. Qxe5 Qxb2 31. Rc7 Qb1+ 32. Kg2 d3 33. exd3
Qxd3 34. Rxf7 Qd2+ 35. Kh3 Qh6+ 36. Kg2 Rd8 37. h4 Qg6 38. Qc7 Rd2+ 39. Kh3 Qe6+
40. g4 Rb2 41. Rf8+ Ka7 42. Qb8+ Kb6 43. Qd8+ Ka7 44. Qb8+ Kb6 45. Qd8+ 1/2-1/2

[Event "Moscow Open A 2016"]
[Site "Moscow RUS"]
[Date "2016.02.03"]
[Round "5.54"]
[White "Mustafin, Andrey"]
[Black "Agmanov, Zhandos"]
[Result "0-1"]
[WhiteElo "2241"]
[BlackElo "2389"]
[WhiteFideId "13406744"]
[BlackFideId "13708309"]
[EventDate "2016.01.30"]

1. b3 Nf6 2. Bb2 e6 3. e3 d5 4. f4 Be7 5. Nf3 b6 6. Be2 Bb7 7. O-O O-O 8. Qe1 c5
9. d3 Nfd7 10. Qg3 Bf6 11. Bxf6 Qxf6 12. Ne5 Nxe5 13. fxe5 Qg6 14. Qf4 Nc6 15.
Nc3 f6 16. exf6 Rxf6 17. Qc7 Qf7 18. Nb5 Qxc7 19. Nxc7 Raf8 20. Bg4 Nd8 21. Rxf6
Rxf6 22. Rf1 Kf7 23. Nb5 a6 24. Nd6+ Ke7 25. Nxb7 Nxb7 26. Rb1 Nd6 27. c4 dxc4
28. bxc4 b5 29. cxb5 axb5 30. a4 bxa4 31. Rc1 Rf8 32. Bf3 Rc8 33. Ra1 c4 34.
Rxa4 cxd3 35. Ra7+ Kf6 36. Ra3 Rc1+ 37. Kf2 d2 38. Rd3 Ne4+ 39. Ke2 Re1# 0-1

[Event "Moscow Open A 2016"]
[Site "Moscow RUS"]
[Date "2016.02.03"]
[Round "5.55"]
[White "Shandrygin, Nikita"]
[Black "Yandemirov, Valeri"]
[Result "0-1"]
[BlackTitle "GM"]
[WhiteElo "2236"]
[BlackElo "2386"]
[WhiteFideId "24198668"]
[BlackFideId "4102622"]
[EventDate "2016.01.30"]

1. e4 e6 2. d4 d5 3. Nd2 dxe4 4. Nxe4 Nd7 5. Nf3 Ngf6 6. Nxf6+ Nxf6 7. Be3 Be7
8. Be2 O-O 9. O-O Nd5 10. Bd2 c5 11. c4 Nf6 12. dxc5 Bxc5 13. Bc3 Ne4 14. Be1 b6
15. Bd3 Bb7 16. Qe2 Ng5 17. Nxg5 Qxg5 18. Be4 Bxe4 19. Qxe4 Rad8 20. Bc3 Rd7 21.
Rad1 Rfd8 22. Qe2 Qf5 23. Rxd7 Rxd7 24. g3 h5 25. Kg2 h4 26. h3 hxg3 27. fxg3
Qg6 28. Rf4 Qb1 29. Rf1 Qxa2 30. Qg4 Bf8 31. h4 b5 32. cxb5 Qd5+ 33. Rf3 Qxb5
34. Rf2 Rd3 35. Qe4 Qd7 36. Rf3 Rd5 37. Rf1 Qb7 38. Rf3 Qb5 39. Rf2 Qd7 40. Rf1
Qb7 41. Qf3 Qc7 42. Qe4 Bd6 43. Rf3 Bc5 44. Qg4 Bf8 45. Qe4 Qd8 46. Qa4 Qa8 47.
Qg4 Rd3 48. Kf2 f5 49. Qf4 Rxf3+ 50. Qxf3 Qxf3+ 51. Kxf3 g6 52. b3 Bd6 53. g4
Kf7 54. h5 gxh5 55. gxf5 exf5 56. Be1 Ke6 57. Bd2 a6 58. Kg2 Kd5 59. Kf3 Be7 60.
Kg3 Ke4 0-1

[Event "Moscow Open A 2016"]
[Site "Moscow RUS"]
[Date "2016.02.03"]
[Round "5.56"]
[White "Kalashnikov, Konstantin"]
[Black "Uraev, Ivan"]
[Result "1-0"]
[WhiteTitle "IM"]
[BlackTitle "FM"]
[WhiteElo "2381"]
[BlackElo "2302"]
[WhiteFideId "4136004"]
[BlackFideId "4192443"]
[EventDate "2016.01.30"]

1. d4 Nf6 2. c4 e6 3. Nf3 b6 4. g3 Ba6 5. b3 Bb4+ 6. Bd2 Be7 7. Bg2 d5 8. O-O c6
9. Ne5 Nfd7 10. Nxd7 Nxd7 11. Bc3 Rc8 12. Nd2 O-O 13. e4 dxe4 14. Nxe4 b5 15.
Re1 bxc4 16. Bf1 Nf6 17. Nc5 Bxc5 18. dxc5 Qd5 19. Re5 Qxd1 20. Rxd1 Rfd8 21.
Ree1 Rd5 22. Bb4 Rcd8 23. Rc1 Rb8 24. bxc4 Rd7 25. a3 Kf8 26. f3 h5 27. Rcd1
Rxd1 28. Rxd1 Ke7 29. Rd6 Bb7 30. Kf2 Ne8 31. Rd4 Bc8 32. f4 Bd7 33. Be2 g6 34.
Bf3 Ng7 35. Rd1 Nf5 36. h3 Ng7 37. g4 hxg4 38. hxg4 Ne8 39. g5 e5 40. Re1 Nc7
41. Bc3 Rb3 42. Bxe5 Ne6 43. Bf6+ Ke8 44. Rh1 Rxf3+ 45. Kxf3 Bc8 46. Rd1 Ba6 47.
Ke4 Bxc4 48. Ke5 Bd5 49. Kd6 Nf8 50. Re1+ Ne6 51. Rb1 1-0

[Event "Moscow Open A 2016"]
[Site "Moscow RUS"]
[Date "2016.02.03"]
[Round "5.57"]
[White "Geivondian, Arman"]
[Black "Komissarov, Alexey"]
[Result "1-0"]
[WhiteTitle "FM"]
[BlackTitle "FM"]
[WhiteElo "2374"]
[BlackElo "2292"]
[WhiteFideId "24102032"]
[BlackFideId "4176545"]
[EventDate "2016.01.30"]

1. d4 Nf6 2. c4 g6 3. Nc3 Bg7 4. e4 d6 5. f3 Nc6 6. Nge2 Rb8 7. d5 Ne5 8. f4
Ned7 9. Be3 a6 10. h3 O-O 11. Nd4 Re8 12. f5 Nc5 13. Qc2 e6 14. dxe6 Nfxe4 15.
O-O-O Ng3 16. Rg1 Bxd4 17. exf7+ Kxf7 18. fxg6+ hxg6 19. Bxd4 Nf5 20. Bxc5 Qg5+
21. Qd2 Qxd2+ 22. Rxd2 Re1+ 23. Rd1 Rxd1+ 24. Kxd1 dxc5 25. g4 Nd4 26. Bg2 Be6
27. Bd5 b5 28. Rf1+ Kg7 29. Bxe6 Nxe6 30. cxb5 axb5 31. Re1 Kf7 32. Rf1+ Kg7 33.
Re1 Kf7 34. Re5 Rd8+ 35. Kc1 Kf6 36. Re3 c6 37. a4 Rb8 38. Ne4+ Kf7 39. a5 c4
40. a6 Ra8 41. Ra3 g5 42. Kd2 Ke7 43. Kc3 Kd7 44. Kb4 Kc7 45. Nc5 Nf4 46. Ka5
Re8 47. Rf3 Re2 48. a7 Re8 49. Ka6 b4 50. Re3 Ra8 51. Ne6+ Nxe6 52. Rxe6 Rf8 53.
Re7+ Kd6 54. Rb7 Kc5 55. Rb8 Rf1 56. a8=Q Ra1+ 57. Kb7 Rxa8 58. Rxa8 Kb5 59. h4
gxh4 60. g5 b3 61. Ra1 1-0

[Event "Moscow Open A 2016"]
[Site "Moscow RUS"]
[Date "2016.02.03"]
[Round "5.58"]
[White "Muradli, Mahammad"]
[Black "Sanzhaev, Darsen"]
[Result "0-1"]
[WhiteTitle "FM"]
[BlackTitle "FM"]
[WhiteElo "2204"]
[BlackElo "2373"]
[WhiteFideId "13409301"]
[BlackFideId "24120030"]
[EventDate "2016.01.30"]

1. d4 Nf6 2. c4 e6 3. Nf3 d5 4. Nc3 c6 5. Bg5 dxc4 6. e4 b5 7. e5 h6 8. Bh4 g5
9. exf6 gxh4 10. Ne5 Qxf6 11. a4 a6 12. axb5 cxb5 13. Nxb5 axb5 14. Rxa8 Bb4+
15. Ke2 Bd6 16. Ng4 Qg7 17. f3 f5 18. Ne3 Bb7 19. Ra1 Nc6 20. Nc2 O-O 21. Qd2 e5
22. d5 Nd4+ 23. Nxd4 exd4 24. Ra7 Bc5 25. Ra5 Qe7+ 26. Kd1 Bb4 27. Qxh6 Bxa5 0-1

[Event "Moscow Open A 2016"]
[Site "Moscow RUS"]
[Date "2016.02.03"]
[Round "5.59"]
[White "Yandarbiev, Ruslan"]
[Black "Vasilyev, Vasily"]
[Result "0-1"]
[WhiteTitle "IM"]
[BlackTitle "FM"]
[WhiteElo "2368"]
[BlackElo "2284"]
[WhiteFideId "4115023"]
[BlackFideId "24102180"]
[EventDate "2016.01.30"]

1. e4 Nf6 2. e5 Nd5 3. c4 Nb6 4. c5 Nd5 5. Bc4 e6 6. Nc3 Nxc3 7. dxc3 Nc6 8. Bf4
Bxc5 9. Qg4 g5 10. Qxg5 Qxg5 11. Bxg5 Rg8 12. Bf4 d6 13. exd6 Bxd6 14. Bg3 Bd7
15. Nf3 Ke7 16. O-O-O Rad8 17. Rhe1 h6 18. Re4 f5 19. Re2 Bxg3 20. hxg3 Rg4 21.
Bb3 Rf8 22. Ne1 Na5 23. Bd5 f4 24. Rd4 fxg3 25. fxg3 Rxg3 26. Nd3 Nc6 27. Bxc6
Bxc6 28. Nf4 Rf6 29. Kd2 Rg5 30. g3 e5 31. Nd3 Re6 32. Rh4 Bf3 33. Re3 e4 34.
Nf2 Rxg3 35. Nxe4 Rg2+ 36. Kd3 Bg4 37. Rg3 Rxg3+ 38. Nxg3 Rg6 39. Ke3 Be6 40.
Kf4 Bxa2 41. Nf5+ Kf6 42. Rh2 Be6 43. Nxh6 Rg1 44. Ke4 a5 45. Kd4 Rd1+ 46. Ke4
b5 47. Kf4 Ke7 48. Nf5+ Bxf5 49. Kxf5 Kd6 50. Ke4 Kc5 51. Rh5+ Kb6 52. Rh2 c6
53. Ke3 Kc5 54. Ke2 Rd6 55. Rh4 a4 56. Rg4 Kb6 57. Rg8 Rd7 58. Rh8 Rd6 59. Rg8
c5 60. Rg4 Rd5 61. Rh4 Ka5 62. Rh8 b4 63. c4 Rd6 64. Ra8+ Ra6 65. Rh8 a3 66. Kd3
a2 67. Rh1 Ka4 0-1

[Event "Moscow Open A 2016"]
[Site "Moscow RUS"]
[Date "2016.02.03"]
[Round "5.60"]
[White "Alikulov, Elbek"]
[Black "Linker, Mikhail"]
[Result "0-1"]
[WhiteTitle "IM"]
[WhiteElo "2365"]
[BlackElo "2241"]
[WhiteFideId "14203308"]
[BlackFideId "14101734"]
[EventDate "2016.01.30"]

1. e4 c5 2. Nf3 d6 3. d4 cxd4 4. Nxd4 Nf6 5. Nc3 g6 6. Be3 Bg7 7. f3 O-O 8. Bc4
Nc6 9. Qd2 Bd7 10. h4 Ne5 11. Bb3 Qa5 12. h5 Nxh5 13. O-O-O Rfc8 14. Kb1 Nc4 15.
Bxc4 Rxc4 16. Nb3 Qd8 17. g4 Nf6 18. Bg5 Qf8 19. e5 Nxg4 20. exd6 exd6 21. fxg4
Bxg4 22. Qh2 h5 23. Rxd6 Re8 24. Bf6 Qxd6 25. Qxd6 Rc6 26. Qb4 Rxf6 27. Rg1 Rfe6
28. a4 Rb6 29. Qa5 Bf5 30. Nb5 Ra6 31. Qb4 Re4 32. N5d4 Rb6 33. Qc5 Re5 34. Qc7
Be4 35. a5 Rb4 36. Qc3 Ra4 37. Qc8+ Kh7 38. Qd7 Rxd4 39. Qxd4 Bxc2+ 40. Kxc2
Re2+ 41. Qd2 Rxd2+ 42. Nxd2 f5 43. Nf3 Bf6 44. Rd1 g5 45. Rd5 Kg6 46. Ne5+ Bxe5
47. Rxe5 h4 48. Re6+ Kh5 49. Re7 g4 50. Kd2 g3 51. Ke3 Kg4 52. Rg7+ Kh3 53. Kf3
Kh2 54. Rh7 h3 55. Rg7 g2 56. Kf2 f4 57. Rg8 Kh1 58. b4 f3 0-1

[Event "Moscow Open A 2016"]
[Site "Moscow RUS"]
[Date "2016.02.03"]
[Round "5.61"]
[White "Asadli, Vugar"]
[Black "Tleptsok, Ruslan"]
[Result "1-0"]
[WhiteTitle "FM"]
[WhiteElo "2357"]
[BlackElo "2156"]
[WhiteFideId "13405764"]
[BlackFideId "24104485"]
[EventDate "2016.01.30"]

1. Nf3 Nf6 2. g3 g6 3. b3 Bg7 4. Bb2 O-O 5. Bg2 c5 6. c4 Nc6 7. O-O d6 8. d4
cxd4 9. Nxd4 Bd7 10. Nc3 Qc8 11. Rc1 Bh3 12. Nd5 Re8 13. Nxc6 Nxd5 14. cxd5 bxc6
15. Rxc6 Qb7 16. Bxg7 Bxg2 17. Kxg2 Kxg7 18. Qd4+ Kg8 19. Rfc1 a5 20. Rc7 Qb4
21. R1c4 Qe1 22. Qe3 Qd1 23. Rd4 Qa1 24. Rd2 Qf6 25. Qd4 Kg7 26. Qxf6+ Kxf6 27.
Rd4 Ke5 28. e3 h5 29. f4+ Kf6 30. Kf3 Reb8 31. Re4 e6 32. Rd7 Rb6 33. dxe6 fxe6
34. Rc4 d5 35. Rcc7 Rf8 36. Ra7 Rb5 37. h4 Rc5 38. Rdb7 Rc3 39. Rd7 Rc5 40. g4
hxg4+ 41. Kxg4 Rb5 42. Rg7 Rb4 43. Rac7 Rb6 44. Kf3 Rb4 45. Ra7 Rb6 46. Rgd7 Rb5
47. Rac7 Rb6 48. Ke2 Rb4 49. Rc6 Kf5 50. Kf3 Rb5 51. Re7 Rf6 52. Rd6 Rc5 53. b4
Rb5 54. a4 1-0

[Event "Moscow Open A 2016"]
[Site "Moscow RUS"]
[Date "2016.02.03"]
[Round "5.62"]
[White "Drygalov, Sergey"]
[Black "Ahmadzada, Ahmad"]
[Result "1-0"]
[BlackTitle "CM"]
[WhiteElo "2356"]
[BlackElo "2203"]
[WhiteFideId "24171743"]
[BlackFideId "13413007"]
[EventDate "2016.01.30"]

1. Nf3 Nf6 2. c4 c5 3. d4 e6 4. d5 exd5 5. cxd5 d6 6. Nc3 a6 7. a4 g6 8. g3 Bg7
9. Bg2 O-O 10. O-O Re8 11. Nd2 Nbd7 12. h3 Rb8 13. Nc4 Ne5 14. Na3 Nh5 15. e4
Bd7 16. g4 Nf6 17. Qe2 Qe7 18. Bd2 c4 19. a5 b5 20. axb6 Rxb6 21. Be3 Rb3 22.
Rfd1 Reb8 23. Ra2 Ne8 24. Bf1 Nd3 25. Nxc4 Nxb2 26. Nxb2 Rxc3 27. Nc4 Bb5 28.
Rc1 Qf6 29. Qd1 Bxc4 30. Bxc4 Rxe3 31. fxe3 Qg5 32. Qf3 Be5 33. Bxa6 Kg7 34. Kf2
Nf6 35. Bc8 Rb4 36. Rc7 Qh4+ 37. Kg2 Rb1 38. Rf2 Kg8 39. Be6 fxe6 40. dxe6 Rb8
41. Rfc2 h5 42. Rc8+ Rxc8 43. Rxc8+ Kg7 44. e7 hxg4 45. hxg4 Qh2+ 46. Kf1 Qb2
47. g5 Qb5+ 48. Kg2 Ne8 49. Qf8+ Kh7 50. Qf7+ Bg7 51. Rxe8 Qe2+ 52. Qf2 Qg4+ 53.
Kf1 Qd1+ 54. Qe1 Qf3+ 55. Kg1 Qg4+ 56. Kf2 Qxe4 57. Rf8 Qh4+ 58. Ke2 Qc4+ 59.
Kf3 Qd5+ 60. e4 Qd3+ 61. Kg2 Qc2+ 62. Kh1 1-0

[Event "Moscow Open A 2016"]
[Site "Moscow RUS"]
[Date "2016.02.03"]
[Round "5.63"]
[White "Kozlitin, Roman"]
[Black "Trubchaninov, Timur"]
[Result "1-0"]
[WhiteTitle "FM"]
[WhiteElo "2355"]
[BlackElo "2144"]
[WhiteFideId "4142845"]
[BlackFideId "24176931"]
[EventDate "2016.01.30"]

1. Nf3 Nf6 2. c4 g6 3. g3 Bg7 4. Bg2 O-O 5. Nc3 d6 6. d3 e5 7. Bg5 h6 8. Bd2 Nc6
9. O-O Be6 10. Rb1 Qd7 11. b4 Bh3 12. b5 Nd4 13. e3 Bxg2 14. Kxg2 Ne6 15. Nd5
Ne8 16. e4 f5 17. Nh4 c6 18. bxc6 bxc6 19. Nb4 Rf6 20. exf5 gxf5 21. f4 Nd4 22.
Be3 a5 23. Qa4 Nc7 24. Nc2 Nce6 25. Nxd4 exd4 26. Bf2 Nc5 27. Qc2 Re8 28. Rfe1
Rfe6 29. Rxe6 Nxe6 30. Qd2 c5 31. Kg1 Qc6 32. Qxa5 Ra8 33. Qb6 Qxb6 34. Rxb6
Rxa2 35. Rxd6 Kf7 36. Nxf5 Bf8 37. Rd7+ Kf6 38. Nh4 Rd2 39. Nf3 Rxd3 40. Ne5
Rd1+ 41. Kg2 Be7 42. Nc6 Bf8 43. h4 h5 44. Ne5 Be7 45. Nf3 Ng7 46. Rd5 Nf5 47.
Ng5 Rc1 48. Ne4+ Kg6 49. Nxc5 Rxc4 50. Ne6 Bf6 51. Nf8+ 1-0